000 00829nas a2200241 4500
001 BR0904618
003 BR-BrBNA
005 20231205113334.0
007 ta
008 230509b bl.|||p| |||| 00| 00por d
040 _aBR-BrBNA
_bpor
_cBiblioteca Nacional de Agricultura
041 _a(Pt)
072 _aA01; E72
100 1 _aJiyota, N.
100 1 _aGomes, M.A.O.
245 1 _aAgricultura familiar e suas estratégias de comercialização: um estudo de caso no município de Capanema - região sudoeste do Paraná.
650 _aAGRICULTURA FAMILIAR
650 _aMUNICÍPIO DE CAPANEMA
650 _aSUDESTE DO PARANÁ
773 0 _tOrganização Rurais e Agroindustriais (Brazil)
_xISSN 1517-3879
_g(Aug-Dec 1999), v.1(2) p. 43-54
_wBR0904618
909 _a202311
_bLúcia
_c55
_dLúcia Elande
942 _2AGRIS
_n0
_cANA
999 _c203224
_d203224